Sports Quiz

Random Sports or Baseball Quiz

2009 New York Yankees Quiz Stats

 Plays Quiz Updated Nov 13, 2018

Support Sporcle.
Go Orange.
Score 0/45 Timer 06:00
10 Plays Today
Positions Players % Correct
ShortstopDerek Jeter
97.1%
CatcherJorge Posada
94.9%
Third BaseAlex Rodriguez
93.7%
Second BaseRobinson Cano
89.4%
CloserMariano Rivera
88.2%
Starting PitcherCC Sabathia
83.5%
Starting PitcherAndy Pettitte
77.6%
Left FieldJohnny Damon
76.1%
Designated HitterHideki Matsui
75.1%
Starting PitcherAJ Burnett
73.1%
Right FieldNick Swisher
71.7%
First BaseMark Teixeira
69%
Center FieldBrett Gardner
68.4%
Starting PitcherJoba Chamberlain
66.4%
Center FieldMelky Cabrera
62.7%
Relief PitcherPhil Hughes
61.5%
CatcherJose Molina
61%
CatcherFrancisco Cervelli
50.8%
Second BaseRamiro Pena
37.1%
Relief PitcherPhil Coke
35.5%
Starting PitcherChien Ming Wang
33.7%
Relief PitcherDavid Robertson
32.6%
Relief PitcherDamaso Marte
29.9%
Positions Players % Correct
Starting PitcherSergio Mitre
26.7%
Left FieldXavier Nady
26.3%
Relief PitcherAlfredo Aceves
23.1%
Third BaseCody Ransom
20.9%
Starting PitcherChad Gaudin
20.6%
Second BaseJerry Hairston
20.2%
Relief PitcherBrian Bruney
18.2%
CatcherKevin Cash
18%
Right FieldEric Hinske
16.3%
Relief PitcherIan Kennedy
16.2%
Relief PitcherEdwar Ramirez
15.9%
First BaseShelley Duncan
15.2%
First BaseJuan Miranda
14.6%
Relief PitcherJonathon Albaladejo
9.8%
Relief PitcherMark Melancon
9.6%
ShortstopAngel Berroa
9.4%
Relief PitcherJose Veras
9.2%
Center FieldFreddy Guzman
7.1%
Relief PitcherMichael Dunn
6.2%
Relief PitcherBrett Tomko
5.8%
Relief PitcherJosh Towers
5.4%
Relief PitcherAnthony Claggett
5.2%

From the Vault

Around the Perimeter of Austria

by mg10

Geography 60s
Who'd want to see the perimeter when the interior is so beautiful?
Remove Ads.
Support Sporcle.
Get the best of Sporcle when you Go Orange. This ad-free experience offers more features, more stats, and more fun while also helping to support Sporcle. Thank you for becoming a member.

Show Comments

Extras

Top Quizzes Today


Score Distribution

Your Account Isn't Verified!

In order to create a playlist on Sporcle, you need to verify the email address you used during registration. Go to your Sporcle Settings to finish the process.

Report this User

Report this user for behavior that violates our Community Guidelines.

Details: